Statistics for States That Beat Connecticut

Click here to take the quiz!

General Stats

  • This quiz has been taken 36 times
  • The average score is 12 of 16

Answer Stats

RankCategoryState% Correct
5Greater median incomeMaryland | New Jersey | Hawaii |
Massachusetts
100%
3Smaller areaRhode Island | Delaware
100%
10More people born outside
of the country
California | New York | New Jersey | Florida |
Nevada | Hawaii | Texas | Massachusetts |
Maryland
97%
6Fewer weapons ownedDelaware | Rhode Island | New York | New
Jersey | New Hampshire
97%
5Most educatedMassachusetts | Colorado |
Maryland | New Jersey
94%
10Larger percentage of immigrants
(percentage of state population)
California | New York | New Jersey | Florida |
Nevada | Hawaii | Texas | Massachusetts | Maryland
91%
4Highest population densityNew Jersey | Rhode Island | Massachusetts
91%
6Less religiousVermont | New Hampshire | Maine | Massachusetts |
Washington
91%
7Greater median ageMaine | Vermont | New Hampshire | West
Virginia | Florida | Delaware
84%
7Less obeseColorado | Hawaii | Massachusetts | New
Jersey | California | Montana
81%
5More CatholicRhode Island | Massachusetts | New Jersey |
New Mexico
81%
7More FrenchMaine | New Hampshire | Vermont | Rhode Island |
Louisiana | Massachusetts
63%
8Greater tax burdenNew York | Hawaii | Maine | Vermont |
Minnesota | Rhode Island | New Jersey
63%
4Lees countiesDelaware | Hawaii | Rhode Island
47%
7Fewer fatalities from road accidentsNew York | Massachusetts | Minnesota | New Jersey |
Hawaii | Washington | New Hampshire
44%
2Less guesswork in the „U.S. States Quiz”Massachusetts
25%

Score Distribution

Percentile by Number Answered

Percent of People with Each Score

Your Score History

You have not taken this quiz